| 000 | 01218nam a2200301Ia 4500 | ||
|---|---|---|---|
| 003 | GCL | ||
| 008 | 140319s9999 xx 000 0 ara d | ||
| 020 | _a7255069957 | ||
| 040 |
_aGCL / _cGCL |
||
| 082 | 0 | 4 |
_a658.4038011 _bع ن |
| 100 | 1 | _aعامر ابراهيم قنديلجى | |
| 245 | 1 | 0 |
_aنظم المعلومات الادارية وتكنولوجيا المعلومات : _bMANAGEMENT INFORMATION SYSTEM / _cعامر ابراهيم قنديلجى |
| 700 | 1 | _aعلاء الدين عبدالقادر الجنابى | |
| 250 | _aالثانية | ||
| 260 |
_aالاردن : _bدار المسيرة للنشر والتوزيع والطباعة ، _c2007 |
||
| 300 |
_a474 ص ؛ _c24 سم |
||
| 650 | 0 | 4 | _aالتسويق |
| 650 | 0 | 4 | _aقواعد البيانات |
| 650 | 0 | 4 | _aنظم المعلومات |
| 650 | 0 | 4 | _aاختزان واسترجاع المعلومات |
| 650 | 0 | 4 | _aحقوق التأليف والنشر |
| 650 | 0 | 4 | _aالحاسبات الالكترونية - برامج |
| 650 | 0 | 4 | _aتكنولوجيا المعلومات |
| 650 | 0 | 4 | _aالإنترنت |
| 650 | 0 | 4 | _aالتجارة الالكترونية |
| 650 | 0 | 4 | _aالمنظمات - تنظيم وادارة |
| 942 |
_2ddc _cBK |
||
| 999 |
_c9960 _d9960 |
||